| 000 | 00348nam a2200133Ia 4500 | ||
|---|---|---|---|
| 008 | 240624s9999 xx 000 0 und d | ||
| 041 | _aeng | ||
| 082 | _a658.80954 CHA | ||
| 100 | _aCHAGANTI SUBBA RAO | ||
| 245 | _aPHARMACEUTICAL MARKETING IN INDIA | ||
| 260 |
_c2005 _aNew Delhi _bExcel Books |
||
| 300 | _axiv, : 408 : p. : cm. ; 24 | ||
| 365 | _cRS | ||
| 999 |
_c2461 _d2461 |
||